Score 0/12 Timer 04:00
5 Plays Today
% Correct
Greek
89.6%
Irish
89.4%
Polish
88.4%
Czech
85.3%
Italian
79.7%
Swedish
74.2%
English
73.4%
German
68.2%
Dutch
68.2%
Maltese
64.4%
Romanian
60.7%
Icelandic
52.1%
Remove Ads.
Support Sporcle.
Get the best of Sporcle when you Go Orange. This ad-free experience offers more features, more stats, and more fun while also helping to support Sporcle. Thank you for becoming a member.

You're not logged in!

Compare scores with friends on all Sporcle quizzes.
OR
Log In

Show Comments

Extras

Top Quizzes Today


Score Distribution

Your Account Isn't Verified!

In order to create a playlist on Sporcle, you need to verify the email address you used during registration. Go to your Sporcle Settings to finish the process.

Report this User

Report this user for behavior that violates our Community Guidelines.

Details: